000
00322nam a2200109Ia 4500
008
171211s9999 xx 000 0 und d
245
_a
Hands-On Sencha Touch 2: A Real-World App Approach
245
_c
Lee Boonstra
260
_c
2014
650
_x
Web Development
856
_u
http://down.ebook777.com/017/9781449366520.pdf
999
_c
350040
_d
350040